Äthiopen und Assyrer in Ägypten, Beiträge zur Geschichte der ägyptischen "Spätzeit."

محفوظ في:

المؤلف الرئيسي: Zeissl, Helene von. (مؤلف)

التنسيق: كتاب

اللغة: German

منشور في: Glückstadt : J.J. Augustin, 1944.

سلاسل: Agyptologische Forschungen ; 14.
AgForsch ; 14.

الموضوعات:

الوسوم: إضافة وسم

لا توجد وسوم, كن أول من يضع وسما على هذه التسجيلة!

رقم الطلب: DT57 .A4 v.14

LEADER 01026namaa2200277 4500
001 22925
003 OSt
005 20211225065350.0
008 130303s1944 gw g b 000 0 ger d
952 |0 0  |1 0  |2 lcc  |3 v.14  |4 0  |6 DT0057 A4 V.00014  |7 1  |9 23996  |a ARCE  |b ARCE  |d 2021-12-25  |l 0  |o DT57 .A4 v.14  |p 1016637  |r 2021-12-25 00:00:00  |w 2021-12-25  |y BK 
999 |c 20402  |d 20402 
040 |c ARCE Library 
043 |a f-ua--- 
050 4 |a DT57 .A4 v.14 
100 1 |a Zeissl, Helene von.,  |e author  |9 42661 
245 1 0 |a Äthiopen und Assyrer in Ägypten,   |b Beiträge zur Geschichte der ägyptischen "Spätzeit."  |h   
264 1 |a Glückstadt :   |b J.J. Augustin,   |c 1944. 
300 |a 91, [1] pages ;   |c 30 cm. 
490 1 |a Agyptologische Forschungen ;   |v 14. 
490 1 |a AgForsch ;   |v 14. 
504 |a Bibliographical footnotes. "Abkürzungsverzeichnis" (bibliographical) : p. [92]. 
651 0 |a Egypt  |x History  |y To 332 B.C. 
830 0 |a Agyptologische Forschungen ;   |v 14. 
830 0 |a AgForsch ;   |v 14. 
901 |a reviewed 
942 |c BK  |2 lcc